Statistics for Los Angeles Clippers Top 10 Leaders Playoffs

Click here to take the quiz!

General Stats

  • This quiz has been taken 103 times
    (39 since last reset)
  • The average score is 12 of 21

Answer Stats

Player% Correct
Chris Paul
100%
Kawhi Leonard
97%
Blake Griffin
97%
DeAndre Jordan
93%
Paul George
93%
JJ Redick
79%
Bob McAdoo
72%
Lou Williams
72%
Reggie Jackson
69%
Patrick Beverley
66%
Marcus Morris
62%
Jamal Crawford
62%
Randy Smith
59%
Ivica Zubac
59%
Terance Mann
52%
Elton Brand
48%
Matt Barnes
21%
Kenyon Martin
10%
Ernie DiGregorio
10%
Gar Heard
7%
Jim McMillian
0%

Score Distribution

Percentile by Number Answered

Percent of People with Each Score

Your Score History

You have not taken this quiz since the last reset